000 00642nam a22002177a 4500
003 UA-OsUOA
001 65622
007 ta
008 20091201b un ||||| |||| 00| 0 ukr d
100 _aРубан А.
090 _a02
_bР82
942 _cSA
040 _aUA-OsUOA
_bukr
_cUA-OsUOA
_dUA-OsUOA
245 _aБібліографічне забезпечення безперервної професійної освіти бібліотекарів навчальних закладів
300 _aС.6
955 _a0
041 _aukr
080 _a02
773 0 _w65621
650 7 _a02 Бібліотечна справа
_2UDC
999 _c351697
_d351697